000 00451nam a2200181Ia 4500
005 20250603144604.0
008 250603s9999 xx 000 0 und d
020 _a9780367650704
050 _aHM 1206 .B66/
100 _aEdited by Trandafoiu, Ruxandra
245 0 _aBorder crossings and mobilities on screen
260 _aNew York
260 _bRoutledge
260 _c2022
300 _axiv, 222p.: ill.
650 _aNew York
942 _cBK
999 _c39367
_d39367